[Event "Hessen-ch Gr-C"]
[Site "Idstein"]
[Date "2009.04.09"]
[Round "3"]
[White "Kutschera, Julian"]
[Black "Gutacker, Stephan"]
[Result "1/2-1/2"]
[WhiteElo "1868"]
[BlackElo "1967"]
[PlyCount "38"]
[EventDate "2009.04.08"]
[EventType "swiss"]
[EventRounds "7"]
[EventCountry "GER"]
[SourceTitle "EXT 2010"]
[Source "ChessBase"]
[SourceDate "2010.11.25"]
[SourceVersion "1"]
[SourceVersionDate "2010.11.25"]
[SourceQuality "1"]

1. d4 Nf6 2. Nf3 b6 3. Nbd2 Bb7 4. e3 e6 5. Bd3 c5 6. c3 cxd4 7. exd4 Be7 8. 0-0 0-0 9. Re1 Na6 10. Ne5 Nc7 11. Ndf3 d6 12. Nc4 Ba6 13. Bg5 Rc8 14. Ne3 Bxd3 15. Qxd3 Nfd5 16. Nxd5 Nxd5 17. Bxe7 Qxe7 18. Nd2 Qg5 19. g3 Nf6 1/2-1/2

[Event "Dubna Autumn Rating"]
[Site "Dubna"]
[Date "2008.10.20"]
[Round "9.1"]
[White "Kutschera, Julian"]
[Black "Kapranov, Andrey"]
[Result "1-0"]
[WhiteElo "1936"]
[BlackElo "1836"]
[PlyCount "129"]
[EventDate "2008.10.10"]
[EventType "tourn"]
[EventRounds "8"]
[EventCountry "RUS"]
[SourceTitle "EXT 2022"]
[Source "ChessBase"]
[SourceDate "2021.10.06"]
[SourceVersion "1"]
[SourceVersionDate "2021.10.06"]
[SourceQuality "1"]

1. e4 e6 2. Nc3 Bb4 3. Nge2 c6 4. a3 Ba5 5. b4 Bc7 6. d4 Nf6 7. g3 d5 8. e5 Nfd7 9. Bg2 0-0 10. 0-0 Nb6 11. Nf4 Nc4 12. Nh3 a6 13. Qg4 Kh8 14. Qh5 f6 15. Nf4 Qe8 16. exf6 Qxh5 17. fxg7+ Kxg7 18. Nxh5+ Kg6 19. Nf4+ Bxf4 20. Bxf4 Nd7 21. Ne2 Nf6 22. Rfe1 Bd7 23. Bc1 Rae8 24. Nf4+ Kf7 25. Nd3 Rg8 26. Ne5+ Nxe5 27. dxe5 Nh5 28. Be3 Ng7 29. Bh3 h5 30. Rad1 Nf5 31. Bxf5 exf5 32. h4 Be6 33. Bf4 Rg4 34. f3 Rgg8 35. Kf2 Rd8 36. c3 Rd7 37. Rg1 Rgd8 38. Bg5 Rc8 39. Be3 Ra8 40. Bb6 Rg8 41. a4 Rg6 42. Ke3 Ke8 43. Kf4 Rdg7 44. Bf2 Rf7 45. Ke3 Rc7 46. Kf4 Rf7 47. a5 Rd7 48. Ke3 Rc7 49. Kd4 Rgg7 50. Kc5 Rgd7 51. Kb6 c5 52. Bxc5 Rc6+ 53. Ka7 b6+ 54. Kxa6 bxc5+ 55. Kb5 Rdc7 56. Ka4 cxb4 57. cxb4 Rc3 58. a6 R3c4 59. Rb1 Bc8 60. Ka5 Ra7 61. b5 Rc5 62. Rgc1 Rc4 63. Rxc4 dxc4 64. Rc1 Rc7 65. Kb6 1-0

[Event "Dubna Autumn Rating"]
[Site "Dubna"]
[Date "2008.10.18"]
[Round "6.4"]
[White "Kutschera, Julian"]
[Black "Sergeev, Vladimir"]
[Result "0-1"]
[WhiteElo "1936"]
[BlackElo "2441"]
[PlyCount "72"]
[EventDate "2008.10.10"]
[EventType "tourn"]
[EventRounds "8"]
[EventCountry "RUS"]
[SourceTitle "EXT 2022"]
[Source "ChessBase"]
[SourceDate "2021.10.06"]
[SourceVersion "1"]
[SourceVersionDate "2021.10.06"]
[SourceQuality "1"]

1. d4 Nf6 2. Nf3 c5 3. Nc3 d5 4. h3 cxd4 5. Nxd4 e5 6. Nb3 d4 7. Nb1 Nc6 8. a3 Be6 9. N3d2 Bc5 10. c3 0-0 11. b4 Bb6 12. c4 e4 13. c5 Bc7 14. g3 e3 15. Nf3 Ne4 16. Qc2 Bf5 17. Qb3 exf2+ 18. Kd1 Nxg3 19. Bg5 Qd7 20. Rh2 Nxf1 21. Rxf2 Ne3+ 22. Kc1 Bc2 23. Qa2 Bg3 24. Bxe3 dxe3 25. Rf1 Qxh3 26. Rg1 Bg6 27. Nc3 Rad8 28. b5 Nd4 29. Nxd4 Rxd4 30. Rd1 Be5 31. Kb2 Rd2+ 32. Rxd2 exd2 33. Qb3 Rd8 34. Rd1 Qe3 35. a4 Qxe2 36. Ka2 Bxc3 0-1

[Event "Dubna Autumn Rating"]
[Site "Dubna"]
[Date "2008.10.11"]
[Round "3.2"]
[White "Kudrin, Oleg"]
[Black "Kutschera, Julian"]
[Result "1-0"]
[WhiteElo "1988"]
[BlackElo "1936"]
[PlyCount "106"]
[EventDate "2008.10.10"]
[EventType "tourn"]
[EventRounds "8"]
[EventCountry "RUS"]
[SourceTitle "EXT 2022"]
[Source "ChessBase"]
[SourceDate "2021.10.06"]
[SourceVersion "1"]
[SourceVersionDate "2021.10.06"]
[SourceQuality "1"]

1. e4 e5 2. Nf3 Nc6 3. Bb5 d6 4. 0-0 Nge7 5. c3 a6 6. Ba4 b5 7. Bc2 Ng6 8. a4 Bb7 9. Re1 Be7 10. d4 exd4 11. cxd4 0-0 12. Nc3 b4 13. Nd5 a5 14. b3 Qd7 15. Nxe7+ Ncxe7 16. d5 f6 17. h3 Ne5 18. Nh2 N7g6 19. f4 Nf7 20. f5 Nge5 21. Nf3 Nxf3+ 22. gxf3 c6 23. Bb2 cxd5 24. exd5 Nh6 25. Re6 Bc8 26. Bc1 Nf7 27. Kh2 Ne5 28. f4 Nf7 29. Bb2 Qd8 30. Re3 Nh6 31. Qh5 Qb6 32. Re2 Ba6 33. Rg2 Kh8 34. Re1 Qc7 35. Re6 Bc8 36. Rxf6 Bxf5 37. Rxh6 Bxc2 38. Bxg7+ Qxg7 39. Rxg7 Kxg7 40. Rxd6 Bg6 41. Qe5+ Kh6 42. f5 Rae8 43. Qf4+ Kg7 44. f6+ Kg8 45. Re6 Rc8 46. Rc6 Rce8 47. Re6 Rc8 48. d6 Rc2+ 49. Kg1 Rfc8 50. Qh6 Kf7 51. Re7+ Kxf6 52. Qg7+ Kg5 53. Re5+ Kf4 1-0

[Event "Karl Mala Memorial op 10th"]
[Site "Griesheim"]
[Date "2006.07.23"]
[Round "7"]
[White "Galbraith, Martin"]
[Black "Kutschera, Julian"]
[Result "1-0"]
[WhiteElo "2074"]
[BlackElo "1865"]
[PlyCount "47"]
[EventDate "2006.07.20"]
[EventType "swiss"]
[EventRounds "7"]
[EventCountry "GER"]
[SourceTitle "CBM 113 Extra"]
[Source "ChessBase"]
[SourceDate "2006.09.14"]
[SourceVersion "1"]
[SourceVersionDate "2006.09.14"]
[SourceQuality "1"]

1. d4 Nf6 2. c4 g6 3. Nf3 Bg7 4. g3 0-0 5. Bg2 d6 6. 0-0 Nbd7 7. Nc3 e5 8. e4 h6 9. Re1 Nh7 10. Be3 f5 11. dxe5 dxe5 12. exf5 gxf5 13. Qd2 Qf6 14. Nd5 Qd6 15. c5 Nxc5 16. Bxc5 Qxc5 17. Nxe5 Bxe5 18. Rxe5 Kh8 19. Qxh6 Qd6 20. Qxd6 cxd6 21. Re7 Ng5 22. Nf4 Rf7 23. Re8+ Kg7 24. Rc1 1-0

[Event "Karl Mala Memorial op 09th"]
[Site "Frankfurt"]
[Date "2005.07.30"]
[Round "4"]
[White "Kutschera, Julian"]
[Black "Biegel, Thomas"]
[Result "1/2-1/2"]
[WhiteElo "1605"]
[BlackElo "2004"]
[PlyCount "82"]
[EventDate "2005.07.28"]
[EventType "swiss"]
[EventRounds "7"]
[EventCountry "GER"]
[SourceTitle "EXT 2006"]
[Source "ChessBase"]
[SourceDate "2005.11.24"]
[SourceVersion "1"]
[SourceVersionDate "2005.11.24"]
[SourceQuality "1"]

1. d4 d5 2. c4 c6 3. Nf3 Nf6 4. Nc3 dxc4 5. e4 b5 6. e5 Nd5 7. Ne4 Bf5 8. Ng3 Bg6 9. Nh4 e6 10. Nxg6 hxg6 11. Bd2 Nd7 12. a4 a6 13. Be2 Qh4 14. Bc3 Nxc3 15. bxc3 Nb6 16. axb5 cxb5 17. Bf3 Nd5 18. Bxd5 exd5 19. Qf3 Qd8 20. 0-0 Be7 21. Ne2 g5 22. Qg4 0-0 23. f4 gxf4 24. Nxf4 Bg5 25. Nh5 a5 26. h4 Bh6 27. Rf6 Kh7 28. Rxh6+ Kxh6 29. Qxg7+ Kxh5 30. g4+ Kxh4 31. Kg2 Qg5 32. Qh7+ Kxg4 33. Qh3+ Kf4+ 34. Kf2 Qg4 35. Qh6+ Qg5 36. Qh3 Qg4 37. Qh6+ Kf5 38. Rf1 Qf4+ 39. Ke2 Qxf1+ 40. Kxf1 Rad8 41. Qf6+ Kg4 1/2-1/2

[Event "Karl Mala Memorial op 09th"]
[Site "Frankfurt"]
[Date "2005.07.29"]
[Round "2"]
[White "Kutschera, Julian"]
[Black "Mueller, Andreas"]
[Result "1-0"]
[WhiteElo "1605"]
[BlackElo "953"]
[PlyCount "95"]
[EventDate "2005.07.28"]
[EventType "swiss"]
[EventRounds "7"]
[EventCountry "GER"]
[SourceTitle "EXT 2006"]
[Source "ChessBase"]
[SourceDate "2005.11.24"]
[SourceVersion "1"]
[SourceVersionDate "2005.11.24"]
[SourceQuality "1"]

1. d4 d5 2. c4 e6 3. Nf3 Nf6 4. Nc3 Nc6 5. Bg5 Be7 6. e3 h6 7. Bf4 Bd6 8. Bxd6 Qxd6 9. Be2 Qb4 10. Qc2 Na5 11. cxd5 Nxd5 12. 0-0 Nxc3 13. bxc3 Qd6 14. Qa4+ Nc6 15. Ne5 Bd7 16. Nxd7 Qxd7 17. Rab1 Rb8 18. Bb5 0-0 19. Bxc6 Qxc6 20. Qxa7 b6 21. Qa3 Ra8 22. Qb3 Qa4 23. Rb2 Ra5 24. Qxa4 Rxa4 25. Rc1 Rfa8 26. Rcc2 b5 27. Rxb5 Rxa2 28. Rxa2 Rxa2 29. h3 Ra1+ 30. Kh2 Ra3 31. Rc5 Ra7 32. Kg3 Kf8 33. Kf4 Ke7 34. Ke4 Kd6 35. f4 Ra2 36. Kf3 Ra6 37. e4 Rc6 38. e5+ Kd7 39. Rxc6 Kxc6 40. Ke4 g6 41. g4 Kd7 42. h4 c6 43. Kd3 Kc7 44. Kc4 Kb6 45. Kb4 Kc7 46. Kc5 Kd7 47. Kb6 f5 48. exf6 1-0

[Event "Hessen-ch U18"]
[Site "Bad Homburg"]
[Date "2005.??.??"]
[Round "4"]
[White "Kutschera, Julian"]
[Black "Sander, Jacob"]
[Result "0-1"]
[WhiteElo "1534"]
[BlackElo "1640"]
[PlyCount "74"]
[EventDate "2005.04.??"]
[EventType "swiss"]
[EventRounds "8"]
[EventCountry "GER"]
[SourceTitle "EXT 2007"]
[Source "ChessBase"]
[SourceDate "2006.11.23"]
[SourceVersion "1"]
[SourceVersionDate "2006.11.23"]
[SourceQuality "1"]

1. d4 Nf6 2. c4 g6 3. Nf3 Bg7 4. Nc3 d6 5. Bg5 0-0 6. e3 Nbd7 7. Be2 a6 8. 0-0 Qe8 9. Nd2 e5 10. dxe5 dxe5 11. e4 Nc5 12. Bxf6 Bxf6 13. Nd5 Bd8 14. b4 Ne6 15. Nf3 c6 16. Nc3 Bc7 17. Qc2 Nf4 18. Rfd1 f5 19. Bf1 Qe7 20. a3 Ne6 21. b5 f4 22. Be2 g5 23. bxc6 bxc6 24. Qa4 Bd7 25. Rd2 g4 26. Nh4 Nd4 27. Nf5 Bxf5 28. exf5 f3 29. Bf1 fxg2 30. Bxg2 Nf3+ 31. Kh1 Nxd2 32. Bxc6 Rad8 33. Nd5 Qd6 34. Rd1 Nf3 35. c5 Qxc5 36. Qxg4+ Kh8 37. f6 Rxf6 0-1

[Event "Hessen-ch U18"]
[Site "Bad Homburg"]
[Date "2005.??.??"]
[Round "5"]
[White "Sharikov, Eugen"]
[Black "Kutschera, Julian"]
[Result "1/2-1/2"]
[WhiteElo "1545"]
[BlackElo "1534"]
[PlyCount "90"]
[EventDate "2005.04.??"]
[EventType "swiss"]
[EventRounds "8"]
[EventCountry "GER"]
[SourceTitle "EXT 2007"]
[Source "ChessBase"]
[SourceDate "2006.11.23"]
[SourceVersion "1"]
[SourceVersionDate "2006.11.23"]
[SourceQuality "1"]

1. e4 d6 2. d4 f5 3. Nc3 g6 4. e5 dxe5 5. dxe5 Qxd1+ 6. Nxd1 b6 7. Nc3 Bb7 8. Be3 Nc6 9. 0-0-0 a6 10. f4 Bh6 11. Nf3 e6 12. Rg1 Nge7 13. Be2 Nb4 14. Nd4 Kf7 15. g3 c5 16. Nb3 Nbd5 17. Nxd5 Bxd5 18. Kb1 Rhd8 19. Nd2 Bf8 20. Nc4 Bxc4 21. Bxc4 a5 22. Bf2 Nd5 23. a4 Nc7 24. h3 Be7 25. Be2 Rxd1+ 26. Rxd1 Rd8 27. Re1 Rd7 28. c3 Nd5 29. Kc2 Rc7 30. b3 Rc8 31. Rd1 Rd8 32. Kb2 Kg7 33. Be1 Kf7 34. Bd2 Ke8 35. Bc1 Kf7 36. g4 Kg7 37. Rg1 Kf7 38. Bc4 Kf8 39. gxf5 gxf5 40. Be2 Rd7 41. Rh1 Rd8 42. Rd1 Kf7 43. Bh5+ Kf8 44. Rf1 Rc8 45. Be2 Kf7 1/2-1/2

[Event "Karl Mala Memorial op 08th"]
[Site "Frankfurt"]
[Date "2004.07.25"]
[Round "7"]
[White "Kutschera, Julian"]
[Black "Ehrlacher, Markus"]
[Result "1/2-1/2"]
[WhiteElo "1433"]
[BlackElo "1750"]
[PlyCount "44"]
[EventDate "2004.07.22"]
[EventType "swiss"]
[EventRounds "7"]
[EventCountry "GER"]
[SourceTitle "EXT 2005"]
[Source "ChessBase"]
[SourceDate "2004.11.15"]
[SourceVersion "1"]
[SourceVersionDate "2004.11.15"]
[SourceQuality "1"]

1. b3 Nf6 2. Bb2 e6 3. e3 Be7 4. Nc3 0-0 5. Be2 c5 6. Nf3 Nc6 7. d4 d5 8. 0-0 b6 9. Re1 Bb7 10. a3 Rc8 11. Rc1 cxd4 12. Nxd4 Nxd4 13. Qxd4 Qc7 14. Nb5 Qb8 15. c4 Bc5 16. Qe5 a6 17. Qxb8 Rxb8 18. Nc3 dxc4 19. Bxc4 b5 20. Be2 Be7 21. b4 Rfd8 22. Red1 Rbc8 1/2-1/2

[Event "Karl Mala Memorial op 08th"]
[Site "Frankfurt"]
[Date "2004.07.25"]
[Round "6"]
[White "Ritscher, Georg"]
[Black "Kutschera, Julian"]
[Result "1/2-1/2"]
[WhiteElo "1765"]
[BlackElo "1433"]
[PlyCount "48"]
[EventDate "2004.07.22"]
[EventType "swiss"]
[EventRounds "7"]
[EventCountry "GER"]
[SourceTitle "EXT 2005"]
[Source "ChessBase"]
[SourceDate "2004.11.15"]
[SourceVersion "1"]
[SourceVersionDate "2004.11.15"]
[SourceQuality "1"]

1. e4 c5 2. Nf3 Nc6 3. d4 cxd4 4. Nxd4 e5 5. Nf3 Nf6 6. Nc3 Bb4 7. Bd3 0-0 8. 0-0 d6 9. Nd5 h6 10. c3 Bc5 11. h3 Be6 12. c4 Nd4 13. Be3 Nxf3+ 14. Qxf3 Nd7 15. Rfd1 Bxe3 16. Qxe3 Bxd5 17. cxd5 Qb6 18. Qxb6 Nxb6 19. Rac1 Rac8 20. b3 g6 21. Kf1 Kg7 22. Ke2 Kf6 23. Kd2 Ke7 24. Ke3 f6 1/2-1/2

[Event "Karl Mala Memorial op 08th"]
[Site "Frankfurt"]
[Date "2004.07.24"]
[Round "5"]
[White "Kutschera, Julian"]
[Black "Makilla, Tobias"]
[Result "1-0"]
[WhiteElo "1433"]
[BlackElo "1303"]
[PlyCount "67"]
[EventDate "2004.07.22"]
[EventType "swiss"]
[EventRounds "7"]
[EventCountry "GER"]
[SourceTitle "EXT 2005"]
[Source "ChessBase"]
[SourceDate "2004.11.15"]
[SourceVersion "1"]
[SourceVersionDate "2004.11.15"]
[SourceQuality "1"]

1. b3 d5 2. Bb2 Nc6 3. Nf3 e6 4. e3 Nf6 5. c4 Be7 6. Be2 0-0 7. 0-0 Re8 8. cxd5 Nxd5 9. Nc3 Bf6 10. a3 Qd6 11. Ne4 Qe7 12. Nxf6+ Nxf6 13. Qc2 e5 14. Rfd1 Bg4 15. d3 Rad8 16. b4 a6 17. h3 Bh5 18. d4 exd4 19. Nxd4 Nxd4 20. Bxd4 Bg6 21. Bxf6 Bxc2 22. Bxe7 Rxd1+ 23. Bxd1 Rxe7 24. Bxc2 g6 25. Rd1 Re6 26. Rd7 Rc6 27. Be4 Rc1+ 28. Kh2 b6 29. Bd5 Rc2 30. Rxf7 Kh8 31. g4 c5 32. g5 c4 33. Rf8+ Kg7 34. Rg8# 1-0